Guess the Taylor Swift Song with no hints - #1 - Statistics

General Stats
  • This quiz has been taken 128 times
  • The average score is 228 of 360
Answer Stats
answer % Correct
I
100%
a
97%
Me
96%
me
96%
The
96%
the
96%
you
95%
You,
95%
an
90%
He
90%
to
89%
we
89%
We
89%
on
88%
and
85%
be
84%
in
83%
my
83%
"E"
82%
your
82%
Your
82%
are
81%
Are
81%
Is
81%
no
81%
when
80%
where
80%
who
80%
Who
80%
so
76%
So
76%
for
75%
For
75%
I'm
75%
that
74%
That
74%
was
72%
we're
71%
What
71%
what
71%
Said
70%
said
70%
they
70%
this
70%
This
70%
But
69%
but
69%
one
69%
it's
68%
like
68%
with
67%
If
65%
if
65%
just
65%
There
65%
Ever
64%
had
64%
from
63%
time
62%
down
60%
been
59%
told
58%
come
57%
Off,
56%
Baby
54%
back?
54%
back
54%
over
54%
Cause
53%
cause
53%
up
53%
alchemy?
52%
heart
52%
their
51%
Call
49%
Every
49%
every
49%
fight
49%
Haven't
49%
haven't
49%
long
49%
touch
48%
Touch
48%
get
47%
team
47%
running
46%
still
45%
Still
45%
trophy?
45%
Where's
45%
beat
44%
Cut
44%
heroin
44%
Once
44%
once
44%
comes
42%
sign
42%
belong ...
41%
These
41%
hospital
40%
few
39%
Happens
39%
happens
39%
Hey
39%
hit
39%
Hit
39%
lifetimes
39%
Worst
39%
amateurs
38%
coming
38%
'em
38%
school
38%
sleep
38%
under
38%
around
37%
Chance,
37%
cool?
37%
Honestly,
37%
jokes
37%
reserved
37%
friends
36%
league
36%
play
36%
white
36%
chemicals
34%
crown
34%
greatest
34%
map
34%
wine
34%
winning
34%
circled
33%
drag
33%
streak
33%
strong
33%
heads
32%
rule
32%
trying
32%
lift
31%
child's
30%
Ditch
30%
forgiven
30%
Beer
29%
floor
29%
making
29%
Shirts
29%
Cheers
27%
Clowns,
27%
clowns,
27%
benches
26%
comeback
26%
sticking
26%
warm
25%
blokes
23%
chanted,
20%
on your
9%
No matching quizzes found
Score Distribution
Percent of People with Each Score
Percentile by Number Answered
Your Score History
You have not taken this quiz